<?xml version="1.0" encoding="UTF-8"?><?xml-stylesheet type="text/xsl" href="static/style.xsl"?><OAI-PMH xmlns="http://www.openarchives.org/OAI/2.0/" xmlns:xsi="http://www.w3.org/2001/XMLSchema-instance" xsi:schemaLocation="http://www.openarchives.org/OAI/2.0/ http://www.openarchives.org/OAI/2.0/OAI-PMH.xsd"><responseDate>2026-04-13T18:24:41Z</responseDate><request verb="GetRecord" identifier="oai:www.recercat.cat:20.500.12328/868" metadataPrefix="marc">https://recercat.cat/oai/request</request><GetRecord><record><header><identifier>oai:recercat.cat:20.500.12328/868</identifier><datestamp>2025-05-19T19:01:20Z</datestamp><setSpec>com_2072_67741</setSpec><setSpec>col_2072_484355</setSpec></header><metadata><record xmlns="http://www.loc.gov/MARC21/slim" xmlns:dcterms="http://purl.org/dc/terms/" xmlns:xsi="http://www.w3.org/2001/XMLSchema-instance" xmlns:doc="http://www.lyncode.com/xoai" xsi:schemaLocation="http://www.loc.gov/MARC21/slim http://www.loc.gov/standards/marcxml/schema/MARC21slim.xsd">
   <leader>00925njm 22002777a 4500</leader>
   <datafield ind2=" " ind1=" " tag="042">
      <subfield code="a">dc</subfield>
   </datafield>
   <datafield ind2=" " ind1=" " tag="260">
      <subfield code="c">2014-11-22</subfield>
   </datafield>
   <datafield ind2=" " ind1=" " tag="520">
      <subfield code="a">La imagen corporal (IC) representa la forma en la que un individuo se percibe, imagina, siente y actúa respecto a su propio cuerpo. Es un concepto dinámico que puede modificarse a lo largo de la vida. La percepción de nuestro propio cuerpo está influida por factores socioculturales. Desde el punto de vista histórico, el concepto de belleza se ha modificado sustancialmente. En la prehistoria, la belleza se asociaba a la reproducción de la especie, mientras que en la actualidad, se asocia al éxito personal, profesional y social. El estereotipo de belleza femenino de las sociedades contemporáneas se basa en la extrema delgadez y el masculino en cuerpos musculados. La lucha por alcanzar el canon de belleza impuesto por la sociedad ha contribuido a la aparición de diferentes trastornos de la imagen corporal (TIC). Los medios de comunicación son un factor importante en el desarrollo de determinados procesos patológicos, en la insatisfacción con la propia IC y en la estigmatización del individuo. Se consideran los principales impulsores de los patrones estéticos, siendo las mujeres y los adolescentes los más vulnerables. Las diferentes investigaciones indican que los TIC son frecuentes siendo los trastornos de la conducta alimentaria (TCA) los que suponen un mayor número de ingresos y reingresos entre la población femenina. Aunque los TCA afectan principalmente a la población adolescente, los estudios muestran que puede aparecer en la edad adulta e incluso en la infancia. En el sexo masculino, el trastorno dismórfico corporal (TDC) parece ser el más prevalente. La prevención y el tratamiento de este tipo de trastornos es primordial. En este sentido, enfermería tiene un papel fundamental debido al frecuente contacto que mantiene con el paciente. Debido a la importancia concedida en la sociedad actual a la apariencia física y las posibles repercusiones que ello conlleva, el presente trabajo pretende realizar una revisión de la literatura con el objetivo de analizar el valor y la exigencia que otorga la sociedad a la IC.</subfield>
   </datafield>
   <datafield ind2=" " ind1=" " tag="520">
      <subfield code="a">Body image (BI) represents the way in how a person perceives, imagine himself/herself, feels and acts related to his/her own body. It is a dynamic concept that can change throughout life and it is strongly related to the idea of beauty. People tent to appraise the human body based on societies’ beauty canon. Nowadays, beauty’s stereotype corresponds to a young, thin and sensual body, related to personal, professional and social success. The growing interest for the human body is only focused on the physic aspect because of the value that beauty shop has in contemporary societies. Media are considered the main drivers of aesthetic standards, being adolescents and women the most vulnerable. The struggle for the ideal of beauty has helped to develop a new philosophy of life shared by many: body worship. This has encouraged the development of specific disorders of body image (BID), dissatisfaction with the BI itself and stigmatization of the individual. Some BID are important public health because of its high incidence and prevalence. These include disorders of eating behavior (ED) which represent the greatest number of admissions and readmissions among women. In males, body dysmorphic disorder (BDD) reaches percentages of 2.4% in the general population. These conditions involve great suffering for the individual and can even mean death. Prevention and treatment of this type of disorder is essential. In this sense, nursing has a key role due to the frequent contact maintained with the patient. Because the emphasis in today's society to physical appearance and the possible implications that this entails, this paper aims to review the literature in order to analyze the value and demand that society gives to the BI.</subfield>
   </datafield>
   <datafield ind1="8" ind2=" " tag="024">
      <subfield code="a">http://hdl.handle.net/20.500.12328/868</subfield>
   </datafield>
   <datafield tag="653" ind2=" " ind1=" ">
      <subfield code="a">Imatge corporal</subfield>
   </datafield>
   <datafield tag="653" ind2=" " ind1=" ">
      <subfield code="a">Desordres mentals</subfield>
   </datafield>
   <datafield tag="653" ind2=" " ind1=" ">
      <subfield code="a">Estigma social</subfield>
   </datafield>
   <datafield tag="653" ind2=" " ind1=" ">
      <subfield code="a">Mitjans de comunicació</subfield>
   </datafield>
   <datafield tag="653" ind2=" " ind1=" ">
      <subfield code="a">Epidemiologia</subfield>
   </datafield>
   <datafield tag="653" ind2=" " ind1=" ">
      <subfield code="a">Cures d'infermeria</subfield>
   </datafield>
   <datafield tag="653" ind2=" " ind1=" ">
      <subfield code="a">Procés d'atenció d'infermeria</subfield>
   </datafield>
   <datafield tag="653" ind2=" " ind1=" ">
      <subfield code="a">Imagen corporal</subfield>
   </datafield>
   <datafield tag="653" ind2=" " ind1=" ">
      <subfield code="a">Desórdenes mentales</subfield>
   </datafield>
   <datafield tag="653" ind2=" " ind1=" ">
      <subfield code="a">Estigma social</subfield>
   </datafield>
   <datafield tag="653" ind2=" " ind1=" ">
      <subfield code="a">Medios de comunicación</subfield>
   </datafield>
   <datafield tag="653" ind2=" " ind1=" ">
      <subfield code="a">Epidemiología</subfield>
   </datafield>
   <datafield tag="653" ind2=" " ind1=" ">
      <subfield code="a">Cuidados de enfermería</subfield>
   </datafield>
   <datafield tag="653" ind2=" " ind1=" ">
      <subfield code="a">Proceso de atención de enfermería</subfield>
   </datafield>
   <datafield tag="653" ind2=" " ind1=" ">
      <subfield code="a">Body image</subfield>
   </datafield>
   <datafield tag="653" ind2=" " ind1=" ">
      <subfield code="a">Mental disorders</subfield>
   </datafield>
   <datafield tag="653" ind2=" " ind1=" ">
      <subfield code="a">Social stigma</subfield>
   </datafield>
   <datafield tag="653" ind2=" " ind1=" ">
      <subfield code="a">Mass media</subfield>
   </datafield>
   <datafield tag="653" ind2=" " ind1=" ">
      <subfield code="a">Epidemiology</subfield>
   </datafield>
   <datafield tag="653" ind2=" " ind1=" ">
      <subfield code="a">Nursing care</subfield>
   </datafield>
   <datafield tag="653" ind2=" " ind1=" ">
      <subfield code="a">Nursing care process</subfield>
   </datafield>
   <datafield ind2="0" ind1="0" tag="245">
      <subfield code="a">La imagen corporal en la sociedad del siglo XXI</subfield>
   </datafield>
</record></metadata></record></GetRecord></OAI-PMH>